Proposed Lonrho Freeport Complex at Atuabo - Re: Issue of Sole Port for Oil and Gas Services in the Western Region (Record no. 4264)

MARC details
000 -LEADER
fixed length control field 00625nam a22001697a 4500
003 - CONTROL NUMBER IDENTIFIER
control field OSt
005 - DATE AND TIME OF LATEST TRANSACTION
control field 20240729160634.0
008 - FIXED-LENGTH DATA ELEMENTS--GENERAL INFORMATION
fixed length control field 240729b |||||||| |||| 00| 0 eng d
041 ## - LANGUAGE CODE
Language code of text/sound track or separate title English
082 ## - DEWEY DECIMAL CLASSIFICATION NUMBER
Classification number Class No. GPHA/PLFC/13 Acc No. 9456
110 ## - MAIN ENTRY--CORPORATE NAME
Corporate name or jurisdiction name as entry element Ghana Ports and Harbours Authority
245 ## - TITLE STATEMENT
Title Proposed Lonrho Freeport Complex at Atuabo - Re: Issue of Sole Port for Oil and Gas Services in the Western Region
260 ## - PUBLICATION, DISTRIBUTION, ETC.
Place of publication, distribution, etc. Accra:
Name of publisher, distributor, etc. Ministry of Transport
Date of publication, distribution, etc. 2013.
300 ## - PHYSICAL DESCRIPTION
Extent [8p.;] pic
653 ## - INDEX TERM--UNCONTROLLED
Uncontrolled term 1. Lonrho Freeport Complex 2. Sole Port for Oil and Gas Services 3. Western Region
942 ## - ADDED ENTRY ELEMENTS (KOHA)
Source of classification or shelving scheme Dewey Decimal Classification
Koha item type Annual Report
Suppress in OPAC No
Holdings
Withdrawn status Lost status Source of classification or shelving scheme Damaged status Not for loan Home library Current library Shelving location Date acquired Total checkouts Full call number Date last seen Copy number Price effective from Koha item type
    Dewey Decimal Classification     Main Library Main Library Open Shelves 27/12/2024   GPHA/PLFC/13 Acc No. 9456 27/12/2024 1 27/12/2024 Annual Report
©2026  Parliament of Ghana Library - All rights reserved